Competition Policy and Utility Regulation/ (Record no. 4672)

000 -LEADER
fixed length control field 00487nam a22001457a 4500
008 - FIXED-LENGTH DATA ELEMENTS--GENERAL INFORMATION
fixed length control field 161122b xxu||||| |||| 00| 0 eng d
020 ## - INTERNATIONAL STANDARD BOOK NUMBER
International Standard Book Number 9987 612 07 5
082 ## - DEWEY DECIMAL CLASSIFICATION NUMBER
Classification number 333.7 COM
100 ## - MAIN ENTRY--PERSONAL NAME
Personal name Mwandosya, Mark.- (Editor).-
245 ## - TITLE STATEMENT
Title Competition Policy and Utility Regulation/
Statement of responsibility, etc. Edited by Mark J. Mwandosya, George F. Mbowe and Peter Young.-
Medium English.
260 ## - PUBLICATION, DISTRIBUTION, ETC. (IMPRINT)
Place of publication, distribution, etc. Dar Es Salaam:
Name of publisher, distributor, etc. CEEST,
Date of publication, distribution, etc. 1997.
300 ## - PHYSICAL DESCRIPTION
Extent 192P.;
Dimensions 21CM.-
650 ## - SUBJECT ADDED ENTRY--TOPICAL TERM
Source of heading or term Economics of land & energy
942 ## - ADDED ENTRY ELEMENTS (KOHA)
Source of classification or shelving scheme
Koha item type BOOKS

No items available.

IRDP © 2019 :: Managed by IRDP ICT Unit